000 00388nam a22001217a 4500
999 _c13573
_d13573
082 _a891.47741
100 _aنصرت مرزا
245 _aچہٹی عرب اسرائیل جنگ
_bحزب الله کے ہاتھوں اسرائیل کی شکست
260 _aکراچی
_bرابطہ پبلیکیشنز
_c٢٠٠٦
300 _a368 صفحات
650 _aArab-Israel, War,
942 _cBK